000 00546nam a2200217Ia 4500
005 20250425162822.0
008 250425s9999 xx 000 0 und d
020 _a0849353211
041 _aeng
082 _a344.73042
100 _aDOMINGUEZ, GEORGE
245 0 _aGUIDEBOOK: TOXIC SUBSTANCES CONTROL ACT (VOLUME I)
250 _a1ST ED.
264 _aEstados Unidos, FLORIDA CITY
_bCRC PRESS
_c1977.
362 _a1
650 _aCONTROL
650 _aGUIA
650 _aSUSTANCIAS CONTAMINANTES
942 _c01
010 _a110164
999 _c237061
_d237061